| 000 | 00000nam##2200000za#4500 |
| 001 | 9.578729 |
| 003 | CaOODSP |
| 005 | 20211126112845 |
| 007 | cr ||||||||||| |
| 008 | 150406|2002||||xxc|||||o f|0| 0 eng|d |
| 022 | |a1701-9397 |
| 040 | |aCaOODSP|beng |
| 043 | |an-cn--- |
| 086 | 1 |aFB3-2/102-30E-PDF |
| 110 | 2 |aBank of Canada. |
| 245 | 10|aInflation expectations and learning about monetary policy / |h[electronic resource]|cby David Andolfatto, Scott Hendry, and Kevin Moran. |
| 260 | |aOttawa - Ontario : |bBank of Canada |cOctober 2002. |
| 300 | |a45p.|bfigs. (some coloured), references, tables |
| 490 | 1 |aBank of Canada working paper|x1701-9397|v2002-30 |
| 546 | |aRésumés en français. |
| 590 | |a14-04-Supp|b2014-02-05 |
| 690 | 07|aEconomic indicators|2gcpds |
| 690 | 07|aInflation|2gcpds |
| 690 | 07|aProductivity|2gcpds |
| 776 | 0#|tInflation expectations and learning about monetary policy / |w(CaOODSP)9.616173 |
| 830 | #0|aWorking paper (Bank of Canada)|x1701-9397|v2002-30|w(CaOODSP)9.504604 |
| 856 | 40|ahttp://publications.gc.ca|qPDF|s241 KB|uhttps://publications.gc.ca/collections/collection_2014/banque-bank-canada/FB3-2-102-30-eng.pdf|y2002-30 |